00277nam a2200121Ia 4500008004100000100000900041245003400050260002900084300000800113650001000121942000700131999001700138190216s9999||||xx |||||||||||||| ||und|| aNull 0aHindi-Bhasha Amde Passe Durse bMac Millian And Com. Ltd a187 aHindi cBK c16065d16065